| 000 | nam a22 7a 4500 | ||
|---|---|---|---|
| 999 |
_c153630 _d153628 |
||
| 005 | 20200115123705.0 | ||
| 008 | 200115b pe ||||| |||| 00| 0 spa d | ||
| 050 | 0 | 4 |
_aKHQ3637 _bA23 2004 |
| 245 | 0 | 0 |
_aEl acceso a la información pública _b: No a la cultura del secreto _c/ Defensoria del Pueblo |
| 250 | _a6a ed. | ||
| 260 |
_aLima, Perú : _bDefensoria del Pueblo, _c2004 |
||
| 300 |
_a205 p. ; _c14 cm. |
||
| 504 | _aIncluye bibliografias | ||
| 650 | 7 |
_2lemb _aRegistros públicos _x Derecho y legislación _zPerú |
|
| 650 | 7 |
_2lemb _aLibertad de información _zPerú |
|
| 942 |
_2lcc _cLIB |
||